000 00673nam a2200253Ia 4500
003 OSt
005 20220924141433.0
006 a|||||r|||| 00| 0
007 ta
008 220923b |||||||| |||| 00| 0 ben d
020 _c100.00
024 _a298225
037 _cTextual
040 _aARTS
_cARTS
_bben
041 _2ben
_aben
082 _aO157,6x, P2
100 _aSaha Gopeswar
_9212161
245 0 _aPashchatyer bijnan o bharater unnayan
260 _c2002
650 _aBENGALI LITERATURE
700 _a Chatterjee Ashis Ed.
_9212162
942 _hO157,6x, P2
_cTEXL
_2CC
999 _c447253
_d447253